000 00679nam a22002297a 4500
999 _c8838
_d8838
001 WIIW0000165
003 OSt
005 20190802143112.0
006 a|||||q|||||00| 0
008 190802t2019 |||||q|||||00| 0 eng d
020 _a9781491978207
040 _cOSt
041 _aeng
100 1 _aRao, Delip
_4aut
245 1 0 _aNatural language processing with PyTorch
_bBuild intelligent language applications using deep learning
250 _aFirst edition
260 1 _aBeijing
_aBoston
_aFarnham
_aSebastopol
_aTokyo
_bO'Reilly
_cFebruary 2019
300 _aXIII, 238 S.
_bIll.
650 _aData Analyses & Machine Learning
700 1 _aMcMahan, Brian
_4aut
942 _cE